000 01064nam a2200301 i 4500
003 EG-GICUC
005 20260503094636.0
008 260419s1988 au ||||fr|||| 00| 0 ara d
017 _a88/1556
_d1988
040 _a EG-GICUC
_bara
_c EG-GICUC
_d EG-GICUC
_erda
041 0 _aara
082 0 4 _221
_a345.62331
_bم ج . أ
092 0 4 _221
099 _aLaw1 07 345.62331 م ج . أ 1988
100 0 _aمجدي عز الدين يوسف
_eAuthor.
245 1 2 _aالأساس القانوني لنظرية الموظف الفعلي /
_cمجدي عز الدين يوسف.
264 3 _aمصر:
_bشركة الطوبجي للطباعة والنشر،
_c1988.
300 _a441 صفحة؛
_c24 سم
336 _2rda content
_atext
337 _2rda media
_aComputer
338 _2rda carrier
_aOnline Resource
546 _aالنص باللغة العربية
650 1 _aنظرية الموظف الفعلي
_2qrmak
651 1 _2qrmak
856 4 0 _uhttps://fll.law.cu.edu.eg/fulltext/bks/لآ07-02058.pdf
905 _a165
942 _2ddc
_cBK
_e21
_n0
999 _c71996
_d71996